00527nam a22001817a 450000500170000000800410001702000180005804000210007604100080009708200180010510000280012324500690015125000120022026000320023230000100026465000220027465000490029620201125142630.0201125b ||||| |||| 00| 0 eng d a9788173394591 aIN-DiNCcIN-DiNC dasm a354.2794bGOG aGogoi, Purandareauthor aBharatar gramonnayanar prashasania byabastha/cby Purandar Gogoi a1st ed. aDibrugarh:bBanalata,c2009 a246p. aPolitical science aAdministration of rural development of India